000 00761nam0a22002651 4500
001 RU\NLR\INFOCOMM6\ROSSICA\1000356114
005 20250613194139.0
035 _a(NLR Aleph) 009986938
090 _a9721802
_c9721802
100 _a20030917d1888 |||y0rusy50 ca
101 0 _ager
102 _aRU
105 _ay ||||000ay
200 1 _aDer Bericht der Herrn Professor Chwolson über die in dem Gebiete von Semiretschie aufgefundenen syrischen Grabinschriften
_fW.Radloff
210 _aSt.Pétersbourg
_d1888
215 _d8°
600 1 _aChwolson
_2PSBO
700 1 _aRadloff
_bW.
_4070
801 1 _aRU
_bInfoComm
_c20030917
801 0 _aRU
_bNLR
_gPSBO
852 _aNLR
_j12.53.7.249
942 _cBOOK
980 _aNB
980 _aRossica